| 000 | 01184nam a2200253 a 4500 | ||
|---|---|---|---|
| 001 | 000041944 | ||
| 005 | 20201002035838.0 | ||
| 008 | 131028s2003 sp 000 0 spa d | ||
| 020 | _a8484831485 | ||
| 040 |
_aDO-SdBNP _bspa _cBNPHU |
||
| 100 | 1 |
_aCalvet d'Estrella, Joan Cristòfol, _d1505-1593 _968857 |
|
| 245 | 1 | 4 |
_aLa Vacaida / _cJuan Cristóbal Calvete de Estrella ; introducción, edición crítica, traducción anotada e índice a cargo de Manuel Antonio Díaz Gito ; prólogo de Jesús Paniagua Pérez. |
| 260 |
_aMadrid : _bInstituto de Estudios Humanísticos _bCSIC, _c2003. |
||
| 300 |
_aclxxxviii, 362 p. ; _c25 cm. |
||
| 490 | 1 |
_aColección de textos y estudios humanisticos _aTextos |
|
| 504 | _aIncluye referencias bibliográficas y notas al pie de las páginas | ||
| 500 | _aIncluye datos biográficos del autor en la solapa de la cubierta | ||
| 500 | _aIncluye índice | ||
| 700 | 1 |
_aCuartero Sancho, María Pilar _968858 |
|
| 700 | 1 |
_aDíaz Gito, Manuel Antonio _eed. _968859 |
|
| 700 | 1 |
_aPaniagua Pérez, Jesús _epról. _968860 |
|
| 710 | 2 |
_aInstituto de Estudios Humanísticos _951235 |
|
| 830 | 0 |
_aColección de textos y estudios humanísticos _vTextos _968861 |
|
| 999 |
_c41433 _d41433 |
||